00466pab a2200157 454500008004000000100001500040245008500055260000900140300001300149362000800162650003500170650002900205650002600234700001900260773002900279180718b2017 xxu||||| |||| 00| 0 eng d aAdman, Per aA field experiment on ethnic discrimination among local Swedish public officials c2017 ap.44-63. aFeb aRacial discrimination - Sweden aPublic officers - Sweden aRacial discrimination aJansson, Hanna aLocal Government Studies